000 00710nam a2200253Ia 4500
003 OSt
005 20221006143324.0
006 a|||||r|||| 00| 0
007 ta
008 221006b |||||||| |||| 00| 0 eng d
020 _c
_34.00
024 _a8,653
037 _cTextual
040 _aEASL
_cEASL
_beng
041 _2eng
_aeng
082 _aXM5(T852).42.N81, M3
100 _aROTHACHER Albrecht
_9649656
245 0 _aEconomic diplomacy between the European community and Japan 1959-1981
260 _aEngland
_bGower House
_c1983
300 _a377p.
_ccm.
490 _v JEL
942 _hXM5(T852).42.N81, M3
_cTEXL
_2CC
999 _c1076739
_d1076739